| 000 | 02440cam a2200361 i 4500 | ||
|---|---|---|---|
| 999 |
_c575 _d575 |
||
| 001 | 18074144 | ||
| 003 | OSt | ||
| 005 | 20190828152758.0 | ||
| 008 | 140320s2014 caua 000 1 eng | ||
| 010 | _a 2013034612 | ||
| 020 | _a9781484789803 | ||
| 020 |
_a9781484756881 _qBox set |
||
| 040 |
_aDLC _beng _cDLC _erda _dDLC |
||
| 042 | _apcc | ||
| 082 | _aFIC RIO | ||
| 100 | 1 |
_aRiordan, Rick. _eauthor |
|
| 245 | 1 | 0 |
_aPercy Jackson's Greek Gods / _cRick Riordan ; illustrated by John Rocco. |
| 264 | 1 |
_aLos Angeles : _bDisney-Hyperion, _c[2014] |
|
| 300 |
_aix, 318 pages : _bcolored illustrations ; _c32 cm |
||
| 336 |
_atext _2rdacontent |
||
| 337 |
_aunmediated _2rdamedia |
||
| 338 |
_avolume _2rdacarrier |
||
| 520 |
_a"A publisher in New York asked me to write down what I know about the Greek gods, and I was like, Can we do this anonymously? Because I don't need the Olympians mad at me again. But if it helps you to know your Greek gods, and survive an encounter with them if they ever show up in your face, then I guess writing all this down will be my good deed for the week. So begins Percy Jackson's Greek Gods, in which the son of Poseidon adds his own magic--and sarcastic asides--to the classics. He explains how the world was created, then gives readers his personal take on a who's who of ancients, from Apollo to Zeus. Percy does not hold back. "If you like horror shows, blood baths, lying, stealing, backstabbing, and cannibalism, then read on, because it definitely was a Golden Age for all that." Dramatic full-color illustrations throughout by Caldecott Honoree John Rocco make this volume--a must for home, library, and classroom shelves--as stunning as it is entertaining"-- _cProvided by publisher. |
||
| 520 |
_a"Percy Jackson, a modern-day demigod, tells the origin stories of the gods of Olympus and provides an insider's point of view - with plenty of attitude - in this illustrated collection"-- _cProvided by publisher. |
||
| 650 | 0 |
_aGods, Greek _vFiction. |
|
| 650 | 7 |
_aJUVENILE FICTION / Legends, Myths, Fables / Greek & Roman. _2bisacsh |
|
| 650 | 7 |
_aJUVENILE FICTION / Classics. _2bisacsh |
|
| 650 | 7 |
_aJUVENILE FICTION / Fairy Tales & Folklore / Anthologies. _2bisacsh |
|
| 700 | 1 |
_aRocco, John, _eillustrator. |
|
| 906 |
_a7 _bcbc _corignew _d1 _eecip _f20 _gy-gencatlg |
||
| 942 |
_2ddc _cFIC |
||